Fundamentos de fisiología vegetal

Đã lưu trong:
Chi tiết về thư mục
Tác giả chính: Azcón-Bieto, Joaquín
Tác giả khác: Talón, Manuel
Định dạng: Sách
Ngôn ngữ:Tiếng Tây Ban Nha
Được phát hành: Madrid McGraw Hill Interamericana 2000
Những chủ đề:
Các nhãn: Thêm thẻ
Không có thẻ, Là người đầu tiên thẻ bản ghi này!

MARC

LEADER 00000nam a2200000 a 4500
001 UCO9420
003 CL-VaPUC
005 20250224164158.0
008 010302e20000000SP |||||||||||||||||spa|d
999 |c 293630  |d 293628 
020 |a 8448602587 
040 |c Pontificia Universidad Católica de Valparaíso 
082 0 4 |a 581.1 AZC 2000  |2 21 
100 0 |a Azcón-Bieto, Joaquín  |9 454546 
245 1 0 |a Fundamentos de fisiología vegetal 
260 |a Madrid  |b McGraw Hill Interamericana  |c 2000 
300 |a 522 páginas 
583 |a last modification  |c 20130410 05:25:54  |k Rodrigo Vera 
650 0 |a Fisiología vegetal  |9 338112 
650 0 |a Metabolismo vegetal  |x Nutrición   |9 333115 
650 0 |a Biotecnología vegetal  |9 441679 
700 0 |a Talón, Manuel  |9 454547 
942 |c BK  |2 ddc  |n 1 
945 |d 20010302 00:00:00  |a vberengu 
952 |0 0  |1 0  |2 ddc  |4 0  |6 581_100000000000000_AZC_2000  |7 0  |8 A  |9 345262  |a BIBCUR  |b BIBCUR  |d 2019-11-20  |i 369478K  |o 581.1 AZC 2000  |p 369478K  |r 2025-04-22  |t 1  |w 2019-11-20  |y BK  |k BCB 
952 |0 0  |1 0  |2 ddc  |4 0  |6 581_100000000000000_AZC_2000  |7 0  |8 A  |9 345263  |a BIBCUR  |b BIBCUR  |d 2019-11-20  |i 3694798  |o 581.1 AZC 2000  |p 3694798  |r 2025-04-22  |t 2  |w 2019-11-20  |y BK  |k BCB 
952 |0 0  |1 0  |2 ddc  |4 0  |6 581_100000000000000_AZC_2000  |7 0  |8 A  |9 345264  |a BIBCUR  |b BIBCUR  |d 2019-11-20  |i 3718549  |o 581.1 AZC 2000  |p 3718549  |r 2025-04-22  |t 3  |w 2019-11-20  |y BK  |k BIO 
952 |0 0  |1 0  |2 ddc  |4 0  |6 581_100000000000000_AZC_2000  |7 0  |8 A  |9 345265  |a BIBCUR  |b BIBCUR  |d 2019-11-20  |i 3718565  |o 581.1 AZC 2000  |p 3718565  |r 2025-04-22  |t 4  |w 2019-11-20  |y BK  |k BIO 
952 |0 0  |1 0  |2 ddc  |4 0  |6 581_100000000000000_AZC_2000  |7 0  |8 A  |9 345266  |a BIBCUR  |b BIBCUR  |d 2019-11-20  |i 3718573  |o 581.1 AZC 2000  |p 3718573  |r 2025-04-22  |t 5  |w 2019-11-20  |y BK  |k BIO 
952 |0 0  |1 0  |2 ddc  |4 0  |6 581_100000000000000_AZC_2000  |7 0  |8 A  |9 345267  |a BIBCUR  |b BIBCUR  |d 2019-11-20  |i 3718581  |o 581.1 AZC 2000  |p 3718581  |r 2025-04-22  |t 6  |w 2019-11-20  |y BK  |k BIO 
952 |0 0  |1 0  |2 ddc  |4 0  |6 581_100000000000000_AZC_2000  |7 0  |8 A  |9 345268  |a BIBCUR  |b BIBCUR  |d 2019-11-20  |i 371859K  |o 581.1 AZC 2000  |p 371859K  |r 2025-04-22  |t 7  |w 2019-11-20  |y BK  |k BIO 
952 |0 0  |1 0  |2 ddc  |4 0  |6 581_100000000000000_AZC_2000  |7 0  |8 A  |9 345269  |a BIBCUR  |b BIBCUR  |d 2019-11-20  |i 3718603  |o 581.1 AZC 2000  |p 3718603  |r 2025-04-22  |t 8  |w 2019-11-20  |y BK  |k BIO 
952 |0 0  |1 0  |2 ddc  |4 0  |6 581_100000000000000_AZC_2000  |7 0  |8 A  |9 345270  |a BIBCUR  |b BIBCUR  |d 2019-11-20  |i 3718611  |o 581.1 AZC 2000  |p 3718611  |r 2025-04-22  |t 9  |w 2019-11-20  |y BK  |k BIO 
952 |0 0  |1 0  |2 ddc  |4 0  |6 581_100000000000000_AZC_2000  |7 0  |8 A  |9 345271  |a BIBCUR  |b BIBCUR  |d 2019-11-20  |i 371862K  |o 581.1 AZC 2000  |p 371862K  |r 2025-04-22  |t 10  |w 2019-11-20  |y BK  |k BCB 
952 |0 0  |1 0  |2 ddc  |4 0  |6 581_100000000000000_AZC_2000  |7 0  |8 A  |9 345272  |a BIBCUR  |b BIBCUR  |d 2019-11-20  |i 3718638  |o 581.1 AZC 2000  |p 3718638  |r 2025-04-22  |t 11  |w 2019-11-20  |y BK  |k BCB 
952 |0 0  |1 0  |2 ddc  |4 0  |6 581_100000000000000_AZC_2000  |7 0  |8 A  |9 345273  |a BIBCUR  |b BIBCUR  |d 2019-11-20  |i 3718646  |o 581.1 AZC 2000  |p 3718646  |r 2025-04-22  |t 12  |w 2019-11-20  |y BK  |k BCB 
952 |0 0  |1 0  |2 ddc  |4 0  |6 581_100000000000000_AZC_2000  |7 0  |8 A  |9 345274  |a BIBCUR  |b BIBCUR  |d 2019-11-20  |i 3718654  |o 581.1 AZC 2000  |p 3718654  |r 2025-04-22  |t 13  |w 2019-11-20  |y BK  |k BCB 
952 |0 0  |1 0  |2 ddc  |4 0  |6 581_100000000000000_AZC_2000  |7 0  |8 A  |9 345275  |a BIBCUR  |b BIBCUR  |d 2019-11-20  |i 3718662  |o 581.1 AZC 2000  |p 3718662  |r 2025-04-22  |t 14  |w 2019-11-20  |y BK  |k BCB 
952 |0 0  |1 0  |2 ddc  |4 0  |6 581_100000000000000_AZC_2000  |7 0  |8 A  |9 345276  |a BIBCUR  |b BIBCUR  |d 2019-11-20  |i 3718670  |o 581.1 AZC 2000  |p 3718670  |r 2025-04-22  |t 15  |w 2019-11-20  |y BK  |k BCB 
952 |0 0  |1 0  |2 ddc  |4 0  |6 581_100000000000000_AZC_2000  |7 0  |8 A  |9 345277  |a BIBCUR  |b BIBCUR  |d 2019-11-20  |i 3718689  |o 581.1 AZC 2000  |p 3718689  |r 2025-04-22  |t 16  |w 2019-11-20  |y BK  |k BCB 
952 |0 0  |1 0  |2 ddc  |4 0  |6 581_100000000000000_AZC_2000  |7 0  |8 A  |9 345278  |a BIBCUR  |b BIBCUR  |d 2019-11-20  |i 3718697  |o 581.1 AZC 2000  |p 3718697  |r 2025-04-22  |t 17  |w 2019-11-20  |y BK  |k BCB 
952 |0 0  |1 0  |2 ddc  |4 0  |6 581_100000000000000_AZC_2000  |7 0  |8 A  |9 345279  |a BIBCUR  |b BIBCUR  |d 2019-11-20  |i 3718700  |o 581.1 AZC 2000  |p 3718700  |r 2025-04-22  |t 18  |w 2019-11-20  |y BK  |k BCB 
952 |0 0  |1 0  |2 ddc  |4 0  |6 581_100000000000000_AZC_2000  |7 0  |8 A  |9 345280  |a BIBCUR  |b BIBCUR  |d 2019-11-20  |i 3718719  |o 581.1 AZC 2000  |p 3718719  |r 2025-04-22  |t 19  |w 2019-11-20  |y BK  |k BCB 
952 |0 0  |1 0  |2 ddc  |4 0  |6 581_100000000000000_AZC_2000  |7 0  |8 A  |9 345281  |a BIBCUR  |b BIBCUR  |d 2019-11-20  |i 3718727  |o 581.1 AZC 2000  |p 3718727  |r 2025-04-22  |t 20  |w 2019-11-20  |y BK  |k BCB 
952 |0 0  |1 0  |2 ddc  |4 0  |6 581_100000000000000_AZC_2000  |7 0  |8 A  |9 345282  |a BIBCUR  |b BIBCUR  |d 2019-11-20  |i 3718735  |o 581.1 AZC 2000  |p 3718735  |r 2025-04-22  |t 21  |w 2019-11-20  |y BK  |k BCB 
952 |0 0  |1 0  |2 ddc  |4 0  |6 581_100000000000000_AZC_2000  |7 0  |8 A  |9 345283  |a BIBAGR  |b BIBAGR  |d 2019-11-20  |i 3730697  |o 581.1 AZC 2000  |p 3730697  |r 2025-01-20  |t 26  |w 2019-11-20  |y BK  |k AGR 
952 |0 0  |1 0  |2 ddc  |4 0  |6 581_100000000000000_AZC_2000  |7 0  |8 A  |9 345284  |a BIBAGR  |b BIBAGR  |d 2019-11-20  |i 3730719  |o 581.1 AZC 2000  |p 3730719  |r 2025-01-20  |t 27  |w 2019-11-20  |y BK  |k AGR 
952 |0 0  |1 0  |2 ddc  |4 0  |6 581_100000000000000_AZC_2000  |7 0  |8 A  |9 345285  |a BIBAGR  |b BIBAGR  |d 2019-11-20  |i 3796086  |o 581.1 AZC 2000  |p 3796086  |r 2025-01-20  |t 28  |w 2019-11-20  |y BK  |k AGR 
952 |0 0  |1 0  |2 ddc  |4 0  |6 581_100000000000000_AZC_2000  |7 0  |8 A  |9 345286  |a BIBAGR  |b BIBAGR  |d 2019-11-20  |i 3796094  |o 581.1 AZC 2000  |p 3796094  |r 2025-01-20  |t 29  |w 2019-11-20  |y BK  |k AGR 
952 |0 0  |1 0  |2 ddc  |4 0  |6 581_100000000000000_AZC_2000  |7 0  |8 A  |9 345287  |a BIBAGR  |b BIBAGR  |d 2019-11-20  |i 3796108  |o 581.1 AZC 2000  |p 3796108  |r 2025-01-20  |t 30  |w 2019-11-20  |y BK  |k AGR 
952 |0 0  |1 0  |2 ddc  |4 0  |6 581_100000000000000_AZC_2000  |7 0  |8 A  |9 345289  |a BIBAGR  |b BIBAGR  |d 2019-11-20  |i 3883302  |o 581.1 AZC 2000  |p 3883302  |r 2025-01-20  |t 32  |w 2019-11-20  |y BK  |k AGR 
952 |0 0  |1 0  |2 ddc  |4 0  |6 581_100000000000000_AZC_2000  |7 0  |8 A  |9 345290  |a BIBAGR  |b BIBAGR  |d 2019-11-20  |i 3883310  |o 581.1 AZC 2000  |p 3883310  |r 2025-01-20  |t 33  |w 2019-11-20  |y BK  |k AGR 
952 |0 0  |1 0  |2 ddc  |4 0  |6 581_100000000000000_AZC_2000  |7 0  |8 A  |9 345291  |a BIBAGR  |b BIBAGR  |d 2019-11-20  |i 3883329  |o 581.1 AZC 2000  |p 3883329  |r 2025-01-20  |t 34  |w 2019-11-20  |y BK  |k AGR 
952 |0 0  |1 0  |2 ddc  |4 0  |6 581_100000000000000_AZC_2000  |7 0  |8 A  |9 345292  |a BIBAGR  |b BIBAGR  |d 2019-11-20  |i 401409K  |o 581.1 AZC 2000  |p 401409K  |r 2025-01-20  |t 35  |w 2019-11-20  |y BK  |k AGR 
952 |0 0  |1 0  |2 ddc  |4 0  |6 581_100000000000000_AZC_2000  |7 0  |8 A  |9 345293  |a BIBCUR  |b BIBCUR  |d 2019-11-20  |i 4142381  |o 581.1 AZC 2000  |p 4142381  |r 2025-04-22  |t 22  |w 2019-11-20  |y BK  |k BCB 
952 |0 0  |1 0  |2 ddc  |4 0  |6 581_100000000000000_AZC_2000  |7 0  |8 A  |9 345294  |a BIBAGR  |b BIBAGR  |d 2019-11-20  |i 4238737  |o 581.1 AZC 2000  |p 4238737  |r 2025-01-20  |t 36  |w 2019-11-20  |y BK  |k AGR 
952 |0 0  |1 0  |2 ddc  |4 0  |6 581_100000000000000_AZC_2000  |7 0  |8 A  |9 345295  |a BIBAGR  |b BIBAGR  |d 2019-11-20  |i 4238699  |o 581.1 AZC 2000  |p 4238699  |r 2025-01-20  |t 37  |w 2019-11-20  |y BK  |k AGR 
952 |0 0  |1 0  |2 ddc  |4 0  |6 581_100000000000000_AZC_2000  |7 0  |8 A  |9 345296  |a BIBAGR  |b BIBAGR  |d 2019-11-20  |i 4238702  |o 581.1 AZC 2000  |p 4238702  |r 2025-01-20  |t 38  |w 2019-11-20  |y BK  |k AGR 
952 |0 0  |1 0  |2 ddc  |4 0  |6 581_100000000000000_AZC_2000  |7 0  |8 A  |9 345297  |a BIBAGR  |b BIBAGR  |d 2019-11-20  |i 4238710  |o 581.1 AZC 2000  |p 4238710  |r 2025-01-20  |t 39  |w 2019-11-20  |y BK  |k AGR 
952 |0 0  |1 0  |2 ddc  |4 0  |6 581_100000000000000_AZC_2000  |7 0  |8 A  |9 345298  |a BIBAGR  |b BIBAGR  |d 2019-11-20  |i 4238729  |o 581.1 AZC 2000  |p 4238729  |r 2025-01-20  |t 40  |w 2019-11-20  |y BK  |k AGR 
952 |0 0  |1 0  |2 ddc  |4 0  |6 581_100000000000000_AZC_2000  |7 0  |8 A  |9 345299  |a BIBCUR  |b BIBCUR  |d 2019-11-20  |i 4247574  |o 581.1 AZC 2000  |p 4247574  |r 2025-04-22  |t 23  |w 2019-11-20  |y BK  |k BIO 
952 |0 0  |1 0  |2 ddc  |4 0  |6 581_100000000000000_AZC_2000  |7 0  |8 A  |9 345300  |a BIBCUR  |b BIBCUR  |d 2019-11-20  |i 4247582  |o 581.1 AZC 2000  |p 4247582  |r 2025-04-22  |t 24  |w 2019-11-20  |y BK  |k BIO 
952 |0 0  |1 0  |2 ddc  |4 0  |6 581_100000000000000_AZC_2000  |7 0  |8 A  |9 345301  |a BIBCUR  |b BIBCUR  |d 2019-11-20  |i 4247590  |o 581.1 AZC 2000  |p 4247590  |r 2025-04-22  |t 25  |w 2019-11-20  |y BK  |k BIO